Loading...
| Literature - American | 0 | 10 | 0 | 3 | 100 | 35 | 78.50 | 5 | 6 | 31.46 | 72.22 |
| Literature - World | 0 | 7 | 0 | 1 | 70 | 63 | 78.86 | 1 | 6 | 22.25 | 53.61 |
| Painting/Sculpture | 0 | 7 | 1 | 2 | 65 | 19 | 61.71 | 4 | 5 | 30.71 | 56.67 |
| Science - Biology | 0 | 6 | 0 | 0 | 60 | 24 | 57.17 | 0 | 2 | 25.00 | 33.75 |
| Fine Arts - Other | 0 | 6 | 0 | 1 | 60 | 53 | 85.83 | 0 | 3 | 14.91 | 34.31 |
| Mythology | 0 | 6 | 2 | 1 | 50 | 43 | 64.33 | 0 | 3 | 25.28 | 35.97 |
| Literature - British | 0 | 5 | 1 | 0 | 45 | 62 | 82.80 | 2 | 4 | 13.35 | 38.89 |
| Literature - European | 0 | 4 | 0 | 0 | 40 | 67 | 95.75 | 2 | 2 | 9.33 | 26.67 |
| Science - Physics | 0 | 4 | 0 | 1 | 40 | 46 | 77.75 | 1 | 1 | 8.48 | 14.86 |
| Fine Arts - Classical Music | 0 | 4 | 1 | 0 | 35 | 55 | 76.00 | 2 | 2 | 13.99 | 30.69 |
| Science - Chemistry | 0 | 3 | 0 | 2 | 30 | 81 | 99.33 | 0 | 1 | 1.90 | 9.03 |
| Religion | 0 | 3 | 1 | 0 | 25 | 53 | 54.33 | 1 | 2 | 15.02 | 21.11 |
| Social Science | 0 | 2 | 0 | 1 | 20 | 31 | 73.00 | 0 | 1 | 8.59 | 11.28 |
| Science - Other | 0 | 2 | 0 | 1 | 20 | 83 | 91.50 | 0 | 0 | 2.31 | 4.44 |
| History - American | 0 | 1 | 0 | 0 | 10 | 61 | 61.00 | 0 | 0 | 3.96 | 3.33 |
| Philosophy | 0 | 1 | 0 | 0 | 10 | 89 | 89.00 | 0 | 1 | 3.69 | 12.70 |
| History - European | 0 | 1 | 1 | 1 | 5 | 116 | 116.00 | 0 | 0 | 0.09 | 3.33 |
| Geography | 0 | 1 | 1 | 0 | 5 | 103 | 103.00 | 0 | 0 | 2.54 | 8.89 |
| Pop Culture | 0 | 0 | 0 | 0 | 0 | 0.00 | 0 | 0 | 0.00 | 0.00 | |
| Current Events | 0 | 0 | 1 | 0 | -5 | 0.00 | 0 | 0 | 0.00 | 0.00 | |
| History - Other | 0 | 0 | 1 | 0 | -5 | 0.00 | 0 | 0 | 0.00 | 0.00 |